[Event "Eger Agria op"]
[Site "Eger Agria"]
[Date "1998.??.??"]
[Round "9"]
[White "Szirmai, Emil"]
[Black "Gyenes, Istvan"]
[Result "1/2-1/2"]
[WhiteElo "2105"]
[BlackElo "2020"]

1.e4 c5 2.Nf3 Nc6 3.Bb5 Qb6 4.Nc3 e6 5.O-O a6 6.Bc4 g6 7.Ne2 Qb4 8.d3 Bg7
9.c3 Qa5 10.d4 b5 11.Bb3 c4 12.Bc2 Bb7 13.d5 Nce7 14.d6 Nc6 15.Nfd4 Nf6 16.Ng3 e5
17.Nxc6 Bxc6 18.Be3  1/2-1/2

[Event "Espoo We MatSK"]
[Site "Espoo"]
[Date "1998.??.??"]
[Round "2"]
[White "Haapasalo, Jukka Pekka"]
[Black "Holmsten, Aleksei"]
[Result "1-0"]
[WhiteElo "2185"]
[BlackElo "2425"]

1.e4 c5 2.Nf3 Nc6 3.Bb5 g6 4.Bxc6 dxc6 5.h3 e5 6.d3 f6 7.a3 Nh6 8.Bd2 Nf7
9.Nc3 Be6 10.Qe2 Qc7 11.O-O g5 12.Nh2 h5 13.b4 O-O-O 14.Be3 Be7 15.Na4 Rhg8
16.Nxc5 Bxc5 17.Bxc5 Nh8 18.Qxh5 g4 19.Nxg4 Rg5 20.Qh4 Ng6 21.Qg3 Nf4 22.Rfe1 Rh8
23.Be3 Nh5 24.Qf3 Rg6 25.Kf1 Qg7 26.Nh2 Nf4 27.Bxf4 exf4 28.Ng4 Rxg4 29.Ke2 Rxg2
30.Qxf4 Rxh3 31.Qd6 Bg4+ 32.Kd2 Qg5+ 33.Kc3 Rxf2 34.Qf8+ Kc7 35.Qe7+ Bd7
36.e5 Rhh2 37.Qd6+ Kc8 38.Qf8+ Kc7 39.Qd6+ Kc8 40.Qf8+ Kc7 41.Qd6+ Kd8 42.Rac1 Kc8
43.Qf8+ Kc7 44.Qd6+ Kc8 45.Qf8+ Kc7 46.Qd6+ Kd8 47.e6 Qd5 48.Qb8+ Ke7 49.exd7+ Kxd7
50.Qxb7+ Kd8 51.Qb8+ Kd7 52.Qxa7+  1-0

[Event "AUT-ch U12 Girls"]
[Site "Feldkirchen"]
[Date "1998.??.??"]
[Round "5"]
[White "Svoboda, Katharina"]
[Black "Dorrek, Veronika"]
[Result "0-1"]
[WhiteElo "1453"]
[BlackElo "1462"]

1.e4 c5 2.Nf3 Nc6 3.Bb5 a6 4.Bxc6 bxc6 5.O-O g6 6.d3 Bg7 7.Nc3 d6 8.Bd2 Nf6
9.h3 O-O 10.e5 Nd7 11.exd6 exd6 12.Re1 Bb7 13.Ne4 Qc7 14.Bc1 Rfe8 15.Nc3 Nb6
16.Rxe8+ Rxe8 17.Qd2 Qd7 18.Rb1 d5 19.d4 cxd4 20.Nxd4 c5 21.Nb3 Nc4 22.Qd3 Qc6
23.Nd2 Nxd2 24.Qxd2 d4 25.Ne2 Qxg2+  0-1

[Event "FIN-chT9899"]
[Site "FIN"]
[Date "1998.??.??"]
[Round "1"]
[White "Keskisarja, Teemu"]
[Black "Keskinen, Sauli"]
[Result "1/2-1/2"]
[WhiteElo "2290"]
[BlackElo "2355"]

1.e4 c5 2.Nf3 Nc6 3.Bb5 e6 4.O-O Nge7 5.c3 a6 6.Ba4 c4 7.d4 cxd3 8.Qxd3 b5
9.Bc2 Ng6 10.Be3 Qc7 11.a4 b4 12.Nbd2 Nce5 13.Qd4 Bd6 14.h3 Rb8 15.Rac1 O-O
16.Bb1 Nc6 17.Qd3 Nf4 18.Bxf4 Bxf4 19.Rcd1 Ne5 20.Nxe5 Bxe5 21.f4 bxc3 22.bxc3 Bxc3
23.e5 g6 24.Ne4 Bb4 25.Qg3 Be7 26.h4 Rb2 27.h5 Bb7 28.Rfe1 Qc4 29.Bd3 Qxa4
30.Kh2 Kh8 31.Rb1 Rxb1 32.Bxb1 Bxe4 33.Bxe4 d5 34.Bd3 Rc8 35.Rb1 Qc6 36.hxg6 fxg6
37.Qh3 Kg7 38.Rb2 a5 39.Rc2 Qd7 40.Qe3 Rxc2 41.Bxc2 a4 42.f5 gxf5 43.g4 Qc7
44.Bxa4 Bf6 45.gxf5 Qxe5+ 46.Qg3+ Qxg3+ 47.Kxg3 e5 48.Kg4 d4 49.Bc2 Be7 50.Kh5 Bd8  1/2-1/2

[Event "FIN-chT9899"]
[Site "FIN"]
[Date "1998.??.??"]
[Round "2"]
[White "Kiik, Kalle"]
[Black "Agopov, Mikael"]
[Result "1-0"]
[WhiteElo "2445"]
[BlackElo "2330"]

1.e4 c5 2.Nf3 Nc6 3.Bb5 e6 4.O-O Nge7 5.Re1 a6 6.Bf1 d5 7.exd5 Nxd5 8.c4 Nc7
9.b3 f6 10.Bb2 Be7 11.d4 cxd4 12.Nxd4 Nxd4 13.Bxd4 e5 14.Bb6 Qxd1 15.Rxd1 Ne6
16.Nc3 Kf7 17.Ne4 Bd8 18.Nd6+ Ke7 19.Be3 Bc7 20.c5 g6 21.Rd2 Rd8 22.Rad1 Ba5
23.Rd5 Bb4 24.Nc4 Rxd5 25.Rxd5 Rb8 26.a3 Bc3 27.Nb6 Nd4 28.Rd6 Be6 29.Bc4 Bxc4
30.bxc4 Bb2 31.Nd5+ Kf7 32.Rxf6+ Kg8 33.Rb6 Bxa3 34.Bxd4 exd4 35.c6 d3 36.Rxb7 Rc8
37.c7 d2 38.Ne3 Kf7 39.Kf1 Bd6 40.Ke2 Rxc7 41.Rb6 Bc5 42.Rxa6 Bxe3 43.fxe3 Rxc4
44.Kxd2 Rg4 45.g3 h5 46.Ke2 h4 47.Kf3 Rb4 48.Ra7+ Kf6 49.Rh7 hxg3 50.hxg3 Ra4
51.Rb7 Kf5 52.Rb5+ Kf6 53.Rd5 Ke6 54.Rd4 Ra5 55.Kf4 Rf5+ 56.Kg4 Re5 57.e4 Ra5
58.Rb4 Kf6 59.Rb6+ Ke5 60.Rxg6 Kxe4 61.Re6+ Kd5 62.Re8 Kd6 63.Kh4 Kd7 64.Re4 Ra8
65.g4 Kd6 66.g5 Kd5 67.Re1 Rh8+ 68.Kg4 Kd6 69.Kf5 Kd7 70.Kf6  1-0

[Event "FIN-ch"]
[Site "FIN"]
[Date "1998.??.??"]
[Round "9"]
[White "Westerinen, Heikki MJ"]
[Black "Agopov, Mikael"]
[Result "0-1"]
[WhiteElo "2410"]
[BlackElo "2330"]

1.e4 c5 2.Nf3 Nc6 3.Bb5 e6 4.O-O Nge7 5.c3 d5 6.exd5 Qxd5 7.d4 cxd4 8.Nxd4 Bd7
9.Be3 Nxd4 10.Bxd7+ Qxd7 11.Bxd4 Nf5 12.Qb3 Nxd4 13.cxd4 Be7 14.Nc3 O-O 15.d5 exd5
16.Nxd5 Bd6 17.Rad1 Rfd8 18.Rd3 b6 19.Rfd1 Qc6 20.Nf6+ gxf6 21.Rxd6 Rxd6
22.Qg3+ Kf8 23.Qxd6+ Qxd6 24.Rxd6 Rc8 25.Rd1 Rc2 26.Rb1 b5 27.g3 Kg7 28.Kg2 Kg6
29.Kf3 h5 30.Ke3 f5 31.h4 f4+ 32.gxf4 Kf5 33.Rg1 f6 34.Rg7 a5 35.Rd7 Rxb2
36.Kf3 Ke6 37.Rh7 Rxa2 38.Rxh5 Rb2 39.Rh8 a4 40.Ra8 Rb3+ 41.Kg4 a3 42.h5 b4
43.h6 Rb1 44.h7 Rh1 45.Ra4 Rxh7 46.Rxb4 Ra7 47.Rb1 a2 48.Ra1 Kd5 49.Kf5 Ra6
50.Kg6 Kc4 51.f5 Kd4 52.f3 Ke5  0-1

[Event "Capablanca mem"]
[Site "Fortaleza"]
[Date "1998.??.??"]
[Round "7"]
[White "Sales, Jesse Noel"]
[Black "Sales, Espedito"]
[Result "1-0"]
[WhiteElo "2330"]
[BlackElo "2090"]

1.e4 c5 2.Nf3 Nc6 3.Bb5 d6 4.d4 cxd4 5.Nxd4 Bd7 6.c3 Nf6 7.Bxc6 Bxc6 8.f3 g6
9.Qe2 Bg7 10.Be3 O-O 11.h4 Bd7 12.Nd2 h5 13.Bg5 Qb6 14.Nc4 Qa6 15.b3 Rac8
16.Rc1 Rfe8 17.a4 Nh7 18.Bd2 Bxa4 19.Ra1 Rxc4 20.bxc4 Bxd4 21.cxd4  1-0

[Event "FRA-chJM2"]
[Site "FRA"]
[Date "1998.??.??"]
[Round "4"]
[White "Kerbrat, Julien"]
[Black "Fortuit, Nicolas"]
[Result "1-0"]
[WhiteElo "2240"]
[BlackElo "2070"]

1.e4 c5 2.Nf3 Nc6 3.Bb5 g6 4.Bxc6 bxc6 5.O-O Bg7 6.d3 d6 7.c3 e6 8.Qe2 Ne7
9.e5 d5 10.Be3 Qa5 11.Nbd2 Qb5 12.Nb3 c4 13.dxc4 dxc4 14.Nbd4 Qa5 15.Bg5 c5
16.Bxe7 cxd4 17.Nxd4 Bxe5 18.Bb4 Qc7 19.Nf3 Bf6 20.Rfd1 Bb7 21.Nd4 Be7 22.Nxe6 fxe6
23.Qxe6 Rf8 24.Re1 Rf7 25.Bxe7 Qd7 26.Qxd7+ Kxd7 27.Rad1+ Kc6 28.Bg5 Raf8
29.f3 Rf5 30.Bh4 Ra5 31.Re6+ Kc7 32.Bg3+ Kc8 33.Rd4 Rxa2 34.Rxc4+ Kd7 35.Rd6+ Ke8
36.Rc7 Rxb2 37.Bh4  1-0

[Event "FRA-chJM6"]
[Site "FRA"]
[Date "1998.??.??"]
[Round "6"]
[White "Le Roux, Jean Pierre"]
[Black "Templier, Nicolas"]
[Result "1/2-1/2"]
[WhiteElo "2275"]
[BlackElo "2115"]

1.e4 c5 2.Nf3 Nc6 3.Bb5 d6 4.O-O Bd7 5.Re1 a6 6.Bf1 Nf6 7.c3 Bg4 8.d3 g6
9.h3 Bxf3 10.Qxf3 Bg7 11.a4 O-O 12.Na3 b5 13.axb5 axb5 14.Be3 b4 15.Nb5 Qd7
16.Rxa8 Rxa8 17.e5 dxe5 18.Bxc5 Ra5 19.c4 Ra2 20.Qd1 Ra8 21.Qb3 Rb8 22.Bxb4 Qb7
23.Bc3 Nd7 24.Qc2 Bf6 25.b4 Nd4 26.Nxd4 exd4 27.Bd2 Ra8 28.g3 Ra3 29.Bg2 Qa7
30.c5 Ra2 31.Qc1 Ne5 32.c6 Qc7 33.b5 Nxd3 34.Qb1 Nxf2 35.Bf4 e5 36.Qxa2 exf4
37.Kxf2 Qb6 38.Qa8+ Kg7 39.Qb7 Qc5 40.Kg1 d3+ 41.Kh1 f3 42.c7 Qf2 43.Qxf3 Qxe1+
44.Kh2 d2 45.c8=Q  1/2-1/2

[Event "Pyramiden Franken Cup"]
[Site "Fuerth"]
[Date "1998.??.??"]
[Round "4"]
[White "David, Alberto"]
[Black "Arnold, Johannes"]
[Result "1-0"]
[WhiteElo "2520"]
[BlackElo "2325"]

1.e4 c5 2.Nf3 Nc6 3.Bb5 g6 4.O-O Bg7 5.Qe2 e5 6.Qc4 b6 7.Bxc6 dxc6 8.Qc3 Qc7
9.Na3 f6 10.Nc4 Nh6 11.a3 Nf7 12.b4 cxb4 13.axb4 O-O 14.Ra3 Bg4 15.Bb2 Rfd8
16.h3 Bxf3 17.Qxf3 b5 18.Na5 Rxd2 19.Bc1 Rd4 20.c3 Rd7 21.Be3 Nd6 22.Rfa1 Kf7
23.h4 Bf8 24.h5 Nb7 25.Nxb7 Qxb7 26.Rxa7 Rxa7 27.Rxa7 Qxa7 28.Bxa7 Rxa7 29.Qd1 Kg7
30.Qd8 c5 31.h6+ Kf7 32.bxc5 Be7 33.Qh8 Bxc5 34.Qxh7+ Ke6 35.Qxa7  1-0

[Event "Pyramiden Franken Cup"]
[Site "Fuerth"]
[Date "1998.??.??"]
[Round "5"]
[White "Schwalbe, Gerhard"]
[Black "Diekers, Michael"]
[Result "1/2-1/2"]
[WhiteElo "2145"]
[BlackElo "2160"]

1.e4 c5 2.Nf3 Nc6 3.Bb5 g6 4.O-O Bg7 5.Re1 e5 6.Bxc6 bxc6 7.d3 d6 8.Na3 Ne7
9.Bd2 O-O 10.Nc4 f5 11.Ba5 Qd7 12.c3 Rb8 13.a3 Ba6 14.b3 h6 15.Rb1 Rf7 16.d4 Bxc4
17.bxc4 Rxb1 18.Qxb1 cxd4 19.cxd4 exd4 20.e5 dxe5 21.Nxe5 Bxe5 22.Rxe5 Qd6
23.Qe1 c5 24.Bd2 Kh7 25.Re6 Qc7 26.g3 Ng8 27.Bf4 Qd7 28.Rd6 Qe7 29.Re6 Qd7
30.Re5 Re7 31.h4 Rxe5 32.Qxe5 Qe7 33.Qxe7+ Nxe7 34.Bd6 d3 35.Kf1 Nc6 36.Bxc5 Ne5
37.Bxa7 Nxc4 38.a4 Nb2 39.Ke1 Nxa4 40.Kd2 Nb2 41.Bd4 Nc4+ 42.Kxd3  1/2-1/2

[Event "Pyramiden Franken Cup"]
[Site "Fuerth"]
[Date "1998.??.??"]
[Round "8"]
[White "Klimpel, Thomas"]
[Black "Doeres, Hans Juergen"]
[Result "0-1"]
[WhiteElo "2155"]
[BlackElo "2250"]

1.e4 c5 2.Nf3 Nc6 3.Bb5 e6 4.Bxc6 bxc6 5.d3 d5 6.e5 Ba6 7.Nbd2 Nh6 8.O-O Be7
9.Re1 Nf5 10.b3 O-O 11.a4 Qa5 12.Ba3 Rfd8 13.Qe2 Rd7 14.Rad1 c4 15.Bxe7 cxd3
16.cxd3 Nxe7 17.Rc1 c5 18.Rc2 Rc8 19.Rec1 Rdc7 20.g4 Qb4 21.h3 Ng6 22.Ne1 Qd4
23.Ndf3 Qb4 24.Nd2 h6 25.Qe3 Bb7 26.Ng2 d4 27.Qg3 Bd5 28.h4 Bxb3 29.Nxb3 Qxb3
30.h5 Ne7 31.Nh4 Kh7 32.f4 c4 33.g5 Qxd3 34.Qxd3+ cxd3 35.Rxc7 Rxc7 36.Rd1 hxg5
37.fxg5 Rc5 38.Rxd3 Rxe5 39.Nf3 Re3 40.Rxe3 dxe3 41.Ne5 f6 42.gxf6 gxf6 43.Nd7 Nd5
44.Nb8 f5 45.Nc6 a6 46.Kf1 f4 47.Ke2 Kh6 48.Kf3 Kxh5  0-1

[Event "Oberliga Sued W9798"]
[Site "GER"]
[Date "1998.??.??"]
[Round "?"]
[White "Elsen, Mark"]
[Black "Lorson, Stefan"]
[Result "1-0"]
[WhiteElo "2210"]
[BlackElo "2265"]

1.e4 c5 2.Nf3 Nc6 3.Bb5 Nd4 4.a4 e6 5.O-O Nxb5 6.axb5 Qb6 7.c4 a6 8.Nc3 d6
9.d4 cxd4 10.Nxd4 Qc7 11.Bg5 Nf6 12.bxa6 bxa6 13.Ndb5 Qc6 14.Qa4 Bd7 15.Qa5 Rb8
16.Nc7+ Ke7 17.Rfe1 Qc5 18.Qxc5 dxc5 19.e5  1-0

[Event "Oberliga Sued W9798"]
[Site "GER"]
[Date "1998.??.??"]
[Round "?"]
[White "Philippe, Christophe"]
[Black "Paschke, Mario"]
[Result "1-0"]
[WhiteElo "2175"]
[BlackElo "2100"]

1.e4 c5 2.Nf3 Nc6 3.Bb5 d6 4.O-O Bd7 5.Re1 Nf6 6.c3 a6 7.Bf1 Bg4 8.d3 h6
9.Nbd2 e5 10.Nc4 Be7 11.Ne3 Be6 12.d4 cxd4 13.cxd4 exd4 14.Nxd4 Nxd4 15.Qxd4 O-O
16.Bd2 Rc8 17.Bc3 Re8 18.Nf5 Bxf5 19.exf5 d5 20.Rad1 Bc5 21.Qf4 Rxe1 22.Bxe1 Qb6
23.b3 Re8 24.Bd3 Ne4 25.Bxe4 Rxe4 26.Qf3 Qb5 27.a4 Qe8 28.Kf1 Qe5 29.g3 d4
30.Bd2 Qd5 31.Kg2 Qe5 32.Rc1 Bb6 33.a5 Re2 34.Bf4  1-0

[Event "Oberliga Nord O9899"]
[Site "GER"]
[Date "1998.??.??"]
[Round "?"]
[White "Lisek, Juergen"]
[Black "Richter, Michael"]
[Result "1/2-1/2"]
[WhiteElo "2300"]
[BlackElo "2325"]

1.e4 c5 2.Nf3 Nc6 3.Bb5 e6 4.O-O Nge7 5.c4 a6 6.Ba4 Ng6 7.d4 cxd4 8.Nxd4 Bc5
9.Nb3 Ba7 10.Nc3 O-O 11.Bxc6 dxc6 12.Qxd8 Rxd8 13.c5 e5 14.Be3 Bb8 15.Na4 Bc7
16.Nb6 Rb8 17.Rfd1 Be6 18.Na5 Kf8 19.b4 Ke7 20.a4 Nf4 21.Kf1 h6 22.b5 axb5
23.axb5 Bxb6 24.cxb6 Rxd1+ 25.Rxd1 cxb5 26.Bc5+ Kf6 27.Bd6 Ra8 28.Nxb7 Bb3
29.g3 Bxd1 30.gxf4 Bf3 31.Bxe5+ Kg6 32.f5+ Kh7 33.Nd6 Ra3 34.h4 Rd3 35.Kg1 Rxd6
36.Bxd6 Bxe4 37.f6 gxf6 38.Kh2 Kg6 39.Kg3 Kf5 40.Bf8 h5 41.Bb4 Bb7 42.f3 Ke5
43.Bc3+ Kd5 44.Bxf6 Kc5 45.Bd8 b4 46.Be7+ Kb5 47.Kf4 b3 48.Ba3 Kxb6 49.Ke3 Kb5
50.Bb2 Kc4 51.Bf6 Kd5 52.Bb2 Bc8 53.Bf6 Bf5 54.Bb2 Bc2 55.Bf6 Bd1 56.Bb2 Kc4
57.Bf6 Bc2 58.Bb2 Kb4 59.Kd4 f5 60.f4 Be4  1/2-1/2

[Event "Hessenliga 9899"]
[Site "GER"]
[Date "1998.??.??"]
[Round "?"]
[White "Giesen, Dieter"]
[Black "Schuh, Karsten"]
[Result "1/2-1/2"]
[WhiteElo "2230"]
[BlackElo "2150"]

1.e4 c5 2.Nf3 Nc6 3.Bb5 e6 4.O-O Nge7 5.c3 a6 6.Bxc6 Nxc6 7.d4 d5 8.e5 Qb6
9.dxc5 Bxc5 10.b4 Be7 11.a3 a5 12.Bb2 O-O 13.Nbd2 Bd7 14.Nb3 Rfc8 15.Nbd4 Nxd4
16.Qxd4 Qxd4 17.Nxd4 Ba4 18.f4 Bd8 19.Rf2 Bb6 20.Rd2 Rc4 21.g3 Bc2 22.Rc1 Be4
23.Kf1 Kf8 24.Ke2 Bg6 25.Ra1 Ke7 26.Rc1 f6 27.exf6+ gxf6 28.Re1 Bxd4 29.cxd4 axb4
30.axb4 Rxb4 31.Rc1 Kd7 32.g4 Be4 33.Ra1 Rxa1 34.Bxa1 Rb3 35.Rb2 Rf3 36.Rxb7+ Kc6
37.Re7 Kd6 38.Rf7 Ra3 39.Bb2 Rb3 40.Bc1 Bf3+ 41.Kf2 Bxg4 42.Be3 Bf5 43.Rxf6 Rb2+
44.Kg3 Ke7 45.Rh6 Be4 46.f5 Bxf5 47.Bf4 Bg6 48.Be5 Kd7 49.Rh4 Be4 50.Kf4 Rb3
51.Kg5 Ke7 52.Rf4  1/2-1/2

[Event "NRW-Liga II 9899"]
[Site "GER"]
[Date "1998.??.??"]
[Round "1"]
[White "Schaefer, Juergen"]
[Black "Vandevoort, Pascal"]
[Result "0-1"]
[WhiteElo "2125"]
[BlackElo "2295"]

1.e4 c5 2.Nf3 Nc6 3.Bb5 e6 4.Bxc6 bxc6 5.O-O Ne7 6.b3 Ng6 7.Bb2 f6 8.d4 cxd4
9.Nxd4 Qc7 10.c4 Bd6 11.g3 O-O 12.Nc3 a6 13.Qe2 c5 14.Nc2 Bb7 15.Rad1 Rad8
16.f4 Qc6 17.Ne3 f5 18.h4 Bc7 19.Kh2 fxe4 20.Qg4 Rf7 21.h5 Ne7 22.h6 d5 23.Nxe4 dxe4
24.Bxg7 Nf5 25.Nxf5 exf5 26.Qg5 Rd3 27.Bf6+ Kf8 28.Bg7+ Ke8 29.Rfe1 Rxd1
30.Rxd1 e3 31.Rd5 Qe6 32.Rxc5 Qe4  0-1

[Event "NRW-Liga I 9899"]
[Site "GER"]
[Date "1998.??.??"]
[Round "4"]
[White "Weber, Franz Josef"]
[Black "Harms, Andreas"]
[Result "1-0"]
[WhiteElo "2175"]
[BlackElo "2040"]

1.e4 c5 2.Nf3 Nc6 3.Bb5 g6 4.O-O Bg7 5.c3 Nf6 6.Re1 Qb6 7.Na3 a6 8.Bf1 O-O
9.d4 cxd4 10.cxd4 d5 11.e5 Ne8 12.Nc2 Nc7 13.Ne3 Rd8 14.b3 Bd7 15.Ba3 Qa5
16.Bc5 e6 17.b4 Qa3 18.b5 Nb4 19.Nc2 Nxc2 20.Bxa3 Nxa3 21.bxa6 bxa6 22.Qc1 Ncb5
23.Qd2 Rdc8 24.Rec1 Bf8 25.h4 h6 26.Bd3 Kg7 27.h5 Be7 28.hxg6 fxg6 29.Qf4 Rc3
30.Rxc3 Nxc3 31.Rc1 Rc8 32.Kh2 Bb5 33.Bxb5 axb5 34.Qg4 Rc6 35.Rxc3 Rxc3 36.Qxe6  1-0

[Event "Oberliga Nord O9798"]
[Site "Germany"]
[Date "1998.??.??"]
[Round "?"]
[White "Brameyer, Hermann"]
[Black "Vogel, Robert"]
[Result "0-1"]
[WhiteElo "2275"]
[BlackElo "2260"]

1.e4 c5 2.Nf3 Nc6 3.Bb5 g6 4.O-O Bg7 5.Re1 e5 6.c3 Nge7 7.d4 cxd4 8.cxd4 exd4
9.Bf4 a6 10.Ba4 b5 11.Bb3 d6 12.a4 Rb8 13.axb5 axb5 14.e5 dxe5 15.Nxe5 Nxe5
16.Rxe5 Rb7 17.Rc5 O-O 18.Ra8 Qb6 19.Qc1 Be6 20.Rxf8+ Bxf8 21.Bxe6 Qxe6 22.Re5 Qc4
23.Na3 Qxc1+ 24.Bxc1 Rc7 25.Bf4 b4 26.Rb5 Rc6 27.Nb1 f6 28.h4 h6 29.Kh2 Rc2
30.Rb8 Nc6 31.Rc8 Kf7 32.b3 g5 33.hxg5 hxg5 34.Bd2 Bd6+ 35.g3 Ke6 36.Be1 d3
37.Nd2 Ne5 38.Re8+ Kd7 39.Ra8 Rxd2 40.Bxd2 Nf3+ 41.Kg2 Nxd2 42.Ra2 Nxb3 43.Kf3 g4+  0-1

[Event "BL2-S9798"]
[Site "Germany"]
[Date "1998.??.??"]
[Round "?.1"]
[White "Beikert, Guenther"]
[Black "Speckner, Roland"]
[Result "1/2-1/2"]
[WhiteElo "2475"]
[BlackElo "2335"]

1.e4 c5 2.Nf3 Nc6 3.Bb5 e6 4.O-O Nge7 5.c3 d5 6.exd5 Qxd5 7.d4 cxd4 8.c4 Qd6
9.Nxd4 Bd7 10.Nxc6 Nxc6 11.Nc3 Qc7 12.Be3 Bd6 13.f4 O-O 14.c5 Be7 15.Rc1 Rfd8
16.Qe2 a6 17.Bc4 Na5 18.Bd3 Bxc5 19.Ne4 Bxe3+ 20.Qxe3 Nc6 21.Rc5 Be8 22.f5 Qd7
23.Bb1 exf5 24.Ng3 Qd4 25.Qxd4 Rxd4 26.Nxf5 Rd2 27.Rf2 Rd1+ 28.Rf1 Rd2 29.Be4 Rxb2
30.Nd6 Rd8 31.Rd5 g6 32.a4 f5 33.Bf3 Bf7 34.Nxf7 Kxf7 35.Rc1 Rxd5 36.Bxd5+ Kf6
37.Bxc6 bxc6 38.Rxc6+ Kg5 39.Rxa6 Ra2 40.Ra7 h5 41.Ra6 h4  1/2-1/2

[Event "BL2-S9798"]
[Site "Germany"]
[Date "1998.??.??"]
[Round "?.7"]
[White "Osorios Ortiz, Marcos"]
[Black "Oberst, Thomas"]
[Result "1-0"]
[WhiteElo "2265"]
[BlackElo "2315"]

1.e4 c5 2.Nf3 Nc6 3.Bb5 g6 4.O-O Bg7 5.c3 Nf6 6.Re1 O-O 7.h3 Qb6 8.a4 d6
9.Na3 Be6 10.Ng5 Bd7 11.Nc4 Qc7 12.Ne3 a6 13.Bf1 e6 14.d3 d5 15.Ng4 Nxg4
16.Qxg4 Ne5 17.Bf4 h6 18.Bxe5 Bxe5 19.Nf3 Bg7 20.e5 Qb6 21.b4 cxb4 22.cxb4 Rfc8
23.a5 Qd8 24.h4 Qe7 25.h5 g5 26.Rab1 Rc3 27.Nh2 Rac8 28.Qd4 f5 29.g4 fxg4
30.Nxg4 Be8 31.Bh3 Bb5 32.Nf6+ Kh8 33.Re3 Rc1+ 34.Rxc1 Rxc1+ 35.Kg2 Rb1 36.Qa7 d4
37.Rf3 Bc6 38.Qb8+ Bf8 39.Ne4 Kg7 40.Bxe6 Be8 41.Bg4 Rxb4 42.Nd6  1-0

[Event "BL2-S9798"]
[Site "Germany"]
[Date "1998.??.??"]
[Round "?.7"]
[White "Schulzke, Erich"]
[Black "Von Naso, Lancelot"]
[Result "1-0"]
[WhiteElo "2265"]
[BlackElo "2160"]

1.e4 c5 2.Nf3 Nc6 3.Bb5 g6 4.O-O Bg7 5.Re1 e5 6.Bxc6 dxc6 7.d3 Ne7 8.Be3 b6
9.a4 O-O 10.a5 Ba6 11.b3 f5 12.Qc1 Qd6 13.Bh6 f4 14.Bxg7 Kxg7 15.Qb2 Kf6
16.Nbd2 g5 17.axb6 axb6 18.Rxa6 Rxa6 19.Nc4 Qe6 20.Ncxe5 Rg8 21.Nxc6+ Kg6
22.Nce5+ Kh5 23.h3 Ng6 24.Ng4 b5 25.d4 Nh4 26.Nxh4 Kxh4 27.d5 Qe7 28.Qc3 Rd6
29.Qf3 Rxd5 30.Nf6 g4 31.Qxf4 Qe5 32.g3+ Kxh3 33.Nxd5 Qg7 34.Qf5 Qe5  1-0

[Event "BL2-S9798"]
[Site "Germany"]
[Date "1998.??.??"]
[Round "?.3"]
[White "Sick, Oliver"]
[Black "Schoellmann, Jochen"]
[Result "1/2-1/2"]
[WhiteElo "2350"]
[BlackElo "2370"]

1.e4 c5 2.Nf3 Nc6 3.Bb5 g6 4.O-O Bg7 5.c3 Nf6 6.Qe2 O-O 7.e5 Nd5 8.d4 cxd4
9.cxd4 d6 10.Nc3 dxe5 11.Bxc6 bxc6 12.Nxe5 Qb6 13.Rd1 Nxc3 14.bxc3 c5 15.Ba3 cxd4
16.cxd4 Qe6 17.Rac1 Ba6 18.Qe4 Rac8 19.Rc6 Rxc6 20.Qxc6 Bxe5 21.Qxe6 Bxh2+
22.Kxh2 fxe6 23.Kg3 Rc8 24.Bxe7 Rc3+ 25.f3 Rc2 26.a3 Bb5 27.Bb4 a6 28.d5 exd5
29.Rxd5 Bf1 30.Rd2 Rxd2  1/2-1/2

[Event "BL2-S9798"]
[Site "Germany"]
[Date "1998.??.??"]
[Round "?.5"]
[White "Gerigk, Erasmus"]
[Black "Kaiser, Dieter"]
[Result "1/2-1/2"]
[WhiteElo "2275"]
[BlackElo "2250"]

1.e4 c5 2.Nf3 Nc6 3.Bb5 e6 4.O-O Nge7 5.Re1 Nd4 6.Bf1 Nec6 7.c3 Nxf3+ 8.Qxf3 Be7
9.Qg3 O-O 10.d3 e5 11.a3 d6 12.b4 f5 13.exf5 Bxf5 14.b5 Bh4 15.Qe3 Ne7 16.g3 Bf6
17.Ra2 Qd7 18.c4 Rae8 19.Nc3 Be6 20.Qe2 Nf5 21.Be3 Bd8 22.Ne4 b6 23.Bg2 Nd4
24.Bxd4 exd4 25.Qd2 d5 26.cxd5 Bxd5 27.Rb2 Kh8 28.a4 a5 29.bxa6 Qxa4 30.Nxc5 bxc5
31.Bxd5 Qxa6 32.Rxe8 Rxe8 33.Ra2 Qd6 34.Bf3 Bf6 35.Qc2 Qb6 36.Kg2 Rb8 37.Ra8 Rxa8
38.Bxa8 g6 39.Qe2 Kg7 40.Bd5 Qd6 41.Qe4 Qe5 42.Qf3 Qf5 43.Bc4 Qxf3+ 44.Kxf3 Be7
45.Ke4 Kf6 46.f4 g5 47.fxg5+ Kxg5 48.Ke5 h5 49.Be6 h4 50.Bh3 hxg3  1/2-1/2

[Event "BL2-W9798"]
[Site "Germany"]
[Date "1998.??.??"]
[Round "?.1"]
[White "Richter, Wolfgang"]
[Black "Kosten, Anthony C"]
[Result "1/2-1/2"]
[WhiteElo "2460"]
[BlackElo "2530"]

1.e4 c5 2.Nf3 Nc6 3.Bb5 e6 4.O-O Nge7 5.c3 a6 6.Ba4 b5 7.Bc2 Bb7 8.Qe2 d5
9.d4 cxd4 10.exd5 Nxd5 11.cxd4 Be7 12.Nc3 Ncb4 13.Bb1 Rc8 14.Ne4 Qc7 15.Bg5 Nf4
16.Qd2 Bxg5 17.Nfxg5 Nbd5 18.Nc5 Ba8 19.Be4  1/2-1/2

[Event "Oberliga Ost B9798"]
[Site "Germany"]
[Date "1998.??.??"]
[Round "?.4"]
[White "Oumnov, Aleksei"]
[Black "Jugow, Alexander"]
[Result "1-0"]
[WhiteElo "2255"]
[BlackElo "2230"]

1.e4 c5 2.Nf3 Nc6 3.Bb5 g6 4.h3 Bg7 5.Bxc6 dxc6 6.e5 Nh6 7.O-O O-O 8.Re1 f6
9.e6 f5 10.d3 f4 11.Nc3 Nf5 12.Ne4 Bxe6 13.Nxc5 Bd5 14.c3 b6 15.Ne6 Bxe6
16.Rxe6 Qd5 17.Qe2 Nd6 18.Bd2 c5 19.c4 Qh5 20.Bc3 Bxc3 21.bxc3 Nf5 22.Qe4 Rad8
23.Re1 Rd7 24.Ne5 Rd6 25.Nc6 f3 26.Nxe7+ Nxe7 27.Rxd6 Nf5 28.Qd5+ Kh8 29.Rd8 Rxd8
30.Qxd8+ Kg7 31.Qc7+ Kf6 32.Qc6+ Kg5 33.Qxf3 Qxf3 34.gxf3 Kf4 35.Kg2 Nh4+
36.Kf1 Nxf3 37.Re7 Ng5 38.h4 Nf3 39.Rxh7 Kg4 40.Ke2 Nxh4 41.Rxa7  1-0

[Event "Oberliga Nord W9798"]
[Site "Germany"]
[Date "1998.??.??"]
[Round "?"]
[White "Sawatzki, Frank"]
[Black "Mossakowski, Florian"]
[Result "1/2-1/2"]
[WhiteElo "2280"]
[BlackElo "2175"]

1.e4 c5 2.Nf3 Nc6 3.Bb5 g6 4.O-O Bg7 5.Re1 Nf6 6.e5 Nd5 7.Nc3 Nc7 8.Bxc6 dxc6
9.Ne4 b6 10.Nf6+ Kf8 11.Ne4 Bg4 12.d3 Qd5 13.Nc3 Bxf3 14.Nxd5 Bxd1 15.Nxc7 Rc8
16.Ne6+ fxe6 17.Rxd1 Bxe5 18.Re1 Bf6 19.Rxe6 Kf7 20.Re4 Rhd8 21.Rb1 Rd5 22.Bd2 Rcd8
23.Rbe1 R8d7 24.b3 Bd4 25.R1e2 b5 26.g3 a5 27.Kg2 a4 28.c4 axb3 29.axb3 R5d6
30.Bf4 Rf6 31.Bg5 Rf5 32.f4 e5 33.g4 Rxg5 34.fxg5 Ra7 35.Rxe5 Bxe5 36.Rxe5 Ra3
37.Rxc5 Rxb3 38.Rxc6 b4 39.Rb6 Rxd3 40.Rxb4 Ke6 41.Rb7 Ke5 42.Rf7 Rc3 43.c5 Rxc5
44.Kg3 Ke6 45.Rxh7 Rxg5 46.Ra7 Rb5 47.h4 Rb4 48.Rh7 Ra4 49.h5 gxh5 50.Rxh5 Kf7
51.Kh4 Ra6 52.Rb5 Kg7 53.Rg5+ Kh7  1/2-1/2

[Event "Oberliga Nord W9798"]
[Site "Germany"]
[Date "1998.??.??"]
[Round "?.3"]
[White "Heinemann, Dieter"]
[Black "Brodhuhn, Reinhard"]
[Result "1/2-1/2"]
[WhiteElo "2290"]
[BlackElo "2270"]

1.e4 c5 2.Nf3 Nc6 3.Bb5 g6 4.O-O Bg7 5.c3 Qb6 6.Bxc6 bxc6 7.d4 cxd4 8.cxd4 Nf6
9.Nc3 O-O 10.e5 Nd5 11.Nxd5 cxd5 12.Bg5 Re8 13.Qd2 d6 14.h3 Bf5 15.exd6 Qxd6
16.Bh6 f6 17.Bxg7 Kxg7 18.Rfc1 Be4 19.Nh2 Rab8 20.Rc5 Rec8 21.Rac1 Rxc5 22.Rxc5 Qb6
23.Ng4 g5 24.b3 Rd8 25.Ne3 e6 26.Qc3 Rd7 27.Rc6 Qb7 28.Qc5 Re7 29.b4 Bg6
30.Rc8 Be8 31.a3 h5 32.Nf1 h4 33.Nd2 Kf7 34.Qc2 Kg7 35.Qc5 Kf7 36.Nb3 Qa6
37.Qc2 Kg7 38.Rc7 Rxc7 39.Qxc7+ Kg6 40.Nc5 Qe2 41.Qe7 Bf7 42.Nd7 Qe1+ 43.Kh2 Qxf2
44.Nf8+ Kh6 45.Qxf7 Qg3+  1/2-1/2

[Event "BL2-W9798"]
[Site "Germany"]
[Date "1998.??.??"]
[Round "?.7"]
[White "Illner, Achim"]
[Black "Schlick, Volker"]
[Result "1/2-1/2"]
[WhiteElo "2315"]
[BlackElo "2315"]

1.e4 c5 2.Nf3 Nc6 3.Bb5 g6 4.Bxc6 bxc6 5.O-O Bg7 6.Re1 e5 7.c3 Ne7 8.d4 cxd4
9.cxd4 exd4 10.Nxd4 O-O 11.Nc3 h6 12.Bf4 d5 13.exd5 cxd5 14.Be5 Bb7 15.Qd2 Nc6
16.Nxc6 Bxc6 17.Rad1 Re8 18.Bxg7 Rxe1+ 19.Qxe1 Kxg7 20.Nxd5 Bxd5 21.Qe5+ Qf6
22.Rxd5 Rc8 23.g3 Rc2 24.Qxf6+ Kxf6 25.Rb5 g5 26.h3 h5 27.Kf1 a6 28.Rb6+ Kf5
29.a3 a5 30.b3 a4 31.bxa4 Rc3 32.Rb5+ Kg6 33.Rb6+ f6 34.a5 Rxa3 35.a6 Ra2
36.Ke1 Kf5 37.Kf1 Ke5 38.Ke1 f5 39.Kd1 Ke4 40.Kc1 h4 41.Kb1 Ra5 42.Kb2 hxg3
43.fxg3 f4 44.Rb4+ Ke5 45.gxf4+ gxf4  1/2-1/2

[Event "BL2-S9798"]
[Site "Germany"]
[Date "1998.??.??"]
[Round "?.6"]
[White "Gerigk, Erasmus"]
[Black "Schmenger, Felix"]
[Result "0-1"]
[WhiteElo "2275"]
[BlackElo "2245"]

1.e4 c5 2.Nf3 Nc6 3.Bb5 g6 4.O-O Bg7 5.c3 e5 6.a4 Nge7 7.Na3 O-O 8.Re1 d6
9.Nc2 f5 10.Bc4+ Kh8 11.d3 h6 12.b4 d5 13.exd5 Nxd5 14.Bxd5 Qxd5 15.c4 Qf7
16.Bb2 e4 17.Bxg7+ Qxg7 18.dxe4 fxe4 19.Nd2 cxb4 20.a5 Bf5 21.Nf1 Rad8 22.Qb1 Qc3
23.Nfe3 Rd2 24.Rd1 Rxd1+ 25.Qxd1 b3 26.Qe1 Qxe1+ 27.Nxe1 Rd8 28.g4 Be6 29.f3 Ne5
30.fxe4 Rd2 31.Rb1 Nxc4 32.Rxb3 Nxa5 33.Rb5 b6 34.Re5 Rd6 35.g5 h5 36.Rb5 a6
37.Rb1 b5 38.e5 Rb6 39.Nf3 Nc4 40.Ng2 Bf5 41.Rd1 b4 42.e6 Bxe6  0-1